Art of Life Health / Απεικόνιση: Σημαντική Συμβολή της στην Ιατρική (Record no. 9645)
[ view plain ]
| 000 -LEADER | |
|---|---|
| fixed length control field | 02169cam a22001934a 4500 |
| 005 - ΗΜΕΡΟΜΗΝΙΑ ΚΑΙ ΩΡΑ ΤΕΛΕΥΤΑΙΑΣ ΕΝΗΜΕΡΩΣΗΣ | |
| Πεδίο ελέγχου | 20250605164405.0 |
| 008 - FIXED-LENGTH DATA ELEMENTS--GENERAL INFORMATION | |
| Πεδίο ελέγχου σταθερού μήκους | 250528s ||||||||||||||||||||||||d |
| 035 ## - SYSTEM CONTROL NUMBER | |
| System control number | 24799 |
| 040 ## - ΠΗΓΗ ΚΑΤΑΛΟΓΟΓΡΑΦΗΣΗΣ | |
| Φορέας πρωτότυπης καταλογογράφησης | MC Athens Campus Library |
| Γλώσσα καταλογογράφησης | Ελληνικά, Μοντέρνα (1453-) |
| Modifying agency | MC Athens Campus Library |
| Κανόνες περιγραφικής καταλογογράφησης | AACR2 |
| 245 1# - ΤΙΤΛΟΣ ΚΑΙ ΔΗΛΩΣΗ ΥΠΕΥΘΥΝΟΤΗΤΑΣ | |
| Τίτλος | Art of Life Health / Απεικόνιση: Σημαντική Συμβολή της στην Ιατρική |
| 260 ## - PUBLICATION, DISTRIBUTION, ETC. | |
| Date of publication, distribution, etc. | 2023 |
| 300 ## - PHYSICAL DESCRIPTION | |
| Extent | 122 |
| 520 ## - SUMMARY, ETC. | |
| Summary, etc. | Άσθμα: Μια Χρόνια Φλεγμονώδης Νόσος, Χρόνιος Πόνος: Τι Είναι και Πότε Απευθυνόμαστε στον Ειδικό, Ακτινοθεραπεία: Βασική Θεραπεία του Καρκίνου του Προστάτη, Ρομποτική Ριζική Κυστεκτομή: Θεραπευτική Επιλογή για τον Καρκίνο Ουροδόχου Κύστεως, Οξύ Ισχαιμικό Εγκεφαλικό: Ο Ρόλος της Μηχανικής Θρομβοεκτομής, Νεφρική Απονεύρωση: Επεμβατική Αντιμετώπιση της Ανθεκτικής Αρτηριακής Υπέρτασης, Οστεονέκρωση των Γνάθων: Μια Επιπλοκή από την Λήψη Φαρμάκων, Θεραπείες Γονιμότητας: Ποιές είναι οι Νέες Τάσεις, Αποτυχημένες Προσπάθειες Εξωσωματικής: Υπάρχει Τρόπος να Πετύχω, Επίμονο Ροχαλητό στα Παιδιά: Σύγχρονη Δίαγνωση και Θεραπεία, Φυσιολογικός Τοκετός: Τα Οφέλη για τη Μητέρα και το Μωρό, Παιδί: Λειτουργικές Διαταραχές του Πεπτικού, Πρόωρο Νεογνό: Η Ψυχολογία των Γονέων, Πρόωρα Νεογνά: Αυξημένες Πιθανότητες Αιμορραγίας, Ακράτεια Ούρων: Σύγχρονη Θεραπεία, Τα Νέα μας, Για την Κοινωνία. |
| 700 1# - ΠΡΟΣΘΕΤΗ ΑΝΑΓΡΑΦΗ--ΦΥΣΙΚΟ ΠΡΟΣΩΠΟ | |
| Personal name | Βασιλάκη Κατερίνα |
| 9 (RLIN) | 9488 |
| 710 2# - ΠΡΟΣΘΕΤΗ ΑΝΑΓΡΑΦΗ--ΣΥΛΛΟΓΙΚΟ ΟΡΓΑΝΟ | |
| Corporate name or jurisdiction name as entry element | Mc Victor And Hamilton Sa |
| 9 (RLIN) | 9837 |
| 942 ## - ADDED ENTRY ELEMENTS (KOHA) | |
| Koha item type | Περιοδικά Δημοσιεύματα |
| Τύπος τεκμηρίου | Βιβλιοθήκη | Τρέχουσα τοποθεσία | Barcode | Ημερομηνία απόκτησης | Ταξιθετικό σύμβολο | Αριθμός αντιτύπου | Κατάσταση απόσυρσης | Κατάσταση χαμένου | Κατάσταση κατεστραμμένου | Μη δανεισμός | Σύνολο δανεισμών | Ημερομηνία τελευταίας εμφάνισης | Η τιμή ισχύει από |
|---|---|---|---|---|---|---|---|---|---|---|---|---|---|
| Περιοδικά Δημοσιεύματα | MC Athens Campus Library | MC Athens Campus Library | 9780000096449 | 05/06/2025 | LIFE HEALTH | 1 | 05/06/2025 | 05/06/2025 |